|
|
|
|
| LEADER |
00000nab a2200000 a 4500 |
| 001 |
vtls011108815 |
| 003 |
SK-MaSNL |
| 005 |
20260303200905.0 |
| 008 |
230222|2007 xo |||||||||||||||||slo| |
| 015 |
|
|
|a SNBRB
|
| 035 |
|
|
|a (uuid)698557dc-9fcf-46de-9382-8fe6f6f47f4b
|
| 035 |
|
|
|a (urnnbn)urn:nbn:sk:snk:ar-a08cr1
|
| 035 |
|
|
|a urn:nbn:sk:snk-ab9fn1
|
| 040 |
|
|
|a SNKBUCL
|b slo
|c SNKBUCL
|e AACR2
|
| 041 |
0 |
|
|a slo
|
| 044 |
|
|
|a xo
|c SK
|
| 100 |
1 |
|
|a Jakubec, Miroslav,
|d 1978-
|4 aut
|9 236165
|
| 245 |
1 |
0 |
|a SQUEEZE OUT A ODŠKODNENIE MINORITNÝCH AKCIONÁROV V SR
|c Miroslav Jakubec, Peter Kardoš
|
| 246 |
3 |
|
|a SQUEEZE OUT AND COMPENSATION OF MINORITY SHAREHOLDERS IN THE SLOVAK REPUBLIC
|
| 700 |
1 |
|
|a Kardoš, Peter,
|d 1978-
|4 aut
|9 205550
|
| 773 |
0 |
|
|t Znalectvo v odboroch Stavebníctvo a Podnikové hospodárstvo
|g Roč. 12, č. 1 (2007), s. 33-37
|
| 954 |
|
|
|a odborná, vedecká literatúra pôvodná (slovenská)
|2 lita
|
| 958 |
|
|
|a OND
|
| 958 |
|
|
|a EUIPO
|
| 958 |
|
|
|a article13
|
| 999 |
|
|
|c 2170439
|d 2172369
|